000 00756nam a2200229 i 4500
001 bg
245 0 0 _aSłownik historii myśli ekonomicznej /
_cpod red. Elżbiety Kundery ; [aut. Elżbieta Kundera et al.].
260 _aKraków :
_bOficyna Ekonomiczna. Oddział Polskich Wydawnictw Profesjonalnych,
_c2004.
300 _a235, [1] s. ;
_c23 cm.
504 _aBibliogr. przy hasłach.
650 9 _aNauki ekonomiczne
_xhistoria
655 _aEncyklopedie
700 1 _aKUNDERA, Elżbieta
020 _a8389355361
040 _cBPK
041 0 _apol
080 _a330.8(03)
920 _a83-89355-36-1
942 _cKS
008 s pl f |000 0 pol
999 _c44959
_d44959
856 _uhttp://koha.tu.koszalin.pl/cgi-bin/koha/opac-detail.pl?biblionumber=44959
_yKatalog online BPK